000 00470nam a2200193Ia 4500
008 170918s9999 xx 000 0 und d
020 _a9780545650885
050 _bC947 2007
100 _aCronin, Doreen
245 _aDiary of a fly /
245 _cDoreen Cronin ; pictures by Harry Bliss.
260 _aNew York :
260 _bScholastic,
260 _c2007
300 _aunpaged :
300 _bcolored illustration ;
300 _c26cm.
500 _a490
999 _c342437
_d342437